Rajendralala Mitra : (Record no. 23900)

MARC details
000 -LEADER
fixed length control field 00796cam a2200253 i 4500
001 - CONTROL NUMBER
control field 879802
003 - CONTROL NUMBER IDENTIFIER
control field BDDh-ASL
005 - DATE AND TIME OF LATEST TRANSACTION
control field 20231015030313.0
008 - FIXED-LENGTH DATA ELEMENTS--GENERAL INFORMATION
fixed length control field 800226s1978 ii b 100 0beng
010 ## - LIBRARY OF CONGRESS CONTROL NUMBER
LC control number 79902125
020 ## - INTERNATIONAL STANDARD BOOK NUMBER
Terms of availability Rs40.00 ($5.00 U.S.)
040 ## - CATALOGING SOURCE
Original cataloging agency DLC
Transcribing agency DLC
Modifying agency DLC
-- BDDh-ASL
043 ## - GEOGRAPHIC AREA CODE
Geographic area code a-ii---
050 00 - LIBRARY OF CONGRESS CALL NUMBER
Classification number DS435.7.M53
Item number R34
082 00 - DEWEY DECIMAL CLASSIFICATION NUMBER
Classification number 950.07202
Item number RAJ
245 00 - TITLE STATEMENT
Title Rajendralala Mitra :
Remainder of title 150th anniversary lectures /
260 ## - PUBLICATION, DISTRIBUTION, ETC.
Place of publication, distribution, etc. Calcutta :
Name of publisher, distributor, etc. The Asiatic Society,
Date of publication, distribution, etc. 1978.
300 ## - PHYSICAL DESCRIPTION
Extent xiv, 98 p. :
Dimensions 23 cm.
504 ## - BIBLIOGRAPHY, ETC. NOTE
Bibliography, etc. note Includes bibliographical references.
600 10 - SUBJECT ADDED ENTRY--PERSONAL NAME
Personal name Mitra, Rājendralāla,
Titles and other words associated with a name Raja,
Dates associated with a name 1824-1891
General subdivision Congresses.
650 #0 - SUBJECT ADDED ENTRY--TOPICAL TERM
Topical term or geographic name entry element Indologists
Geographic subdivision India
General subdivision Biography
-- Congresses.
906 ## - LOCAL DATA ELEMENT F, LDF (RLIN)
a 7
b cbc
c orignew
d 4
e ncip
f 19
g y-gencatlg
942 ## - ADDED ENTRY ELEMENTS (KOHA)
Source of classification or shelving scheme Dewey Decimal Classification
Koha item type Books
Holdings
Withdrawn status Lost status Source of classification or shelving scheme Damaged status Not for loan Collection code Home library Current library Shelving location Date acquired Source of acquisition Total Checkouts Full call number Barcode Date last seen Copy number Price effective from Koha item type
    Dewey Decimal Classification     Non-fiction Asiatic Society Library Asiatic Society Library General Stacks 04/07/2021 ASB Library Collections   950.07202 RAJ 108456 04/07/2021 C-1 04/07/2021 Books

Powered by Koha